[Event "RSA-ch U08 Girls"]
[Site "Waterkloof"]
[Date "2015.04.09"]
[Round "9"]
[White "Van der Walt, Lize"]
[Black "Motani, Sofia"]
[Result "1-0"]
[WhiteElo "394"]
[BlackElo "392"]
[PlyCount "47"]
[EventDate "2015.04.04"]
[EventType "swiss"]
[EventRounds "9"]
[EventCountry "RSA"]
[SourceTitle "CBM 166 Extra"]
[Source "ChessBase"]
[SourceDate "2015.06.18"]
[SourceVersion "1"]
[SourceVersionDate "2015.06.18"]
[SourceQuality "1"]

1. e4 e5 2. Nf3 Nc6 3. Nc3 Bc5 4. Bc4 Qe7 5. d3 Nf6 6. Bg5 0-0 7. Nd5 Qd8 8. Bxf6 Qe8 9. Nxc7 Qd8 10. Bxd8 Rb8 11. Be7 Nxe7 12. Nxe5 d6 13. Bxf7+ Rxf7 14. Nxf7 Kxf7 15. Qf3+ Bf5 16. exf5 Bb4+ 17. Kf1 Rc8 18. Ne6 Nc6 19. Qh5+ g6 20. fxg6+ hxg6 21. Qg4 Re8 22. Ng5+ Kg7 23. c3 Bc5 24. Qd7+ 1-0

[Event "RSA-ch U08 Girls"]
[Site "Waterkloof"]
[Date "2015.04.07"]
[Round "5"]
[White "Ellis, Catherine"]
[Black "Motani, Sofia"]
[Result "1-0"]
[WhiteElo "537"]
[BlackElo "392"]
[PlyCount "95"]
[EventDate "2015.04.04"]
[EventType "swiss"]
[EventRounds "9"]
[EventCountry "RSA"]
[SourceTitle "CBM 166 Extra"]
[Source "ChessBase"]
[SourceDate "2015.06.18"]
[SourceVersion "1"]
[SourceVersionDate "2015.06.18"]
[SourceQuality "1"]

1. e4 g6 2. d4 Bg7 3. Nf3 Nf6 4. Nc3 0-0 5. Bc4 Nc6 6. Be3 d6 7. 0-0 Bd7 8. Ng5 Nb4 9. Bxf7+ Rxf7 10. Qf3 Nxc2 11. Rac1 Bh6 12. Nxh7 Kxh7 13. Bxh6 Kxh6 14. Rxc2 Kg7 15. Nb1 Nh7 16. Qd1 Ba4 17. Nc3 Bxc2 18. Qxc2 Ng5 19. Nd5 c6 20. Ne3 Qh8 21. Ng4 Qh7 22. d5 cxd5 23. exd5 Rh8 24. Qd3 Qg8 25. Rc1 Rf4 26. Qc3+ e5 27. Qc7+ Rf7 28. Qxd6 Qh7 29. Qxe5+ Kg8 30. d6 Qh5 31. Qe8+ Rf8 32. Nf6+ Kg7 33. Nxh5+ Rxh5 34. Qe7+ Nf7 35. Re1 Rfh8 36. h3 Kg8 37. Qe8+ Kg7 38. Qe7 Kg8 39. Qd7 Ng5 40. Re7 Nf7 41. Qe8+ Kg7 42. Qxf7+ Kh6 43. Qg7+ Kg5 44. Re5+ Kf4 45. Qf6+ Rf5 46. Rxf5+ Ke4 47. Qe6+ Kd4 48. Qd5# 1-0

[Event "RSA-ch U08 Girls"]
[Site "Waterkloof"]
[Date "2015.04.06"]
[Round "4"]
[White "Motani, Sofia"]
[Black "Ferris, Mackayla"]
[Result "1-0"]
[WhiteElo "392"]
[BlackElo "326"]
[PlyCount "33"]
[EventDate "2015.04.04"]
[EventType "swiss"]
[EventRounds "9"]
[EventCountry "RSA"]
[SourceTitle "CBM 166 Extra"]
[Source "ChessBase"]
[SourceDate "2015.06.18"]
[SourceVersion "1"]
[SourceVersionDate "2015.06.18"]
[SourceQuality "1"]

1. e4 e5 2. Nf3 Nc6 3. Bc4 Bc5 4. Nc3 Nf6 5. Ng5 d6 6. Nxf7 Rf8 7. Nxd8 Kxd8 8. 0-0 Bg4 9. Qe1 Kc8 10. Na4 Nxe4 11. Qxe4 Re8 12. Qxg4+ Kb8 13. Qxg7 Bb4 14. Qxh7 Rf8 15. Qg7 Rf5 16. Qg8+ Nd8 17. Qxd8# 1-0

[Event "RSA-ch U08 Girls"]
[Site "Waterkloof"]
[Date "2015.04.06"]
[Round "3"]
[White "Saunderson, Ane"]
[Black "Motani, Sofia"]
[Result "1-0"]
[WhiteElo "591"]
[BlackElo "392"]
[PlyCount "47"]
[EventDate "2015.04.04"]
[EventType "swiss"]
[EventRounds "9"]
[EventCountry "RSA"]
[SourceTitle "CBM 166 Extra"]
[Source "ChessBase"]
[SourceDate "2015.06.18"]
[SourceVersion "1"]
[SourceVersionDate "2015.06.18"]
[SourceQuality "1"]

1. d4 g6 2. Nf3 Bg7 3. Bg5 d6 4. e3 Bf5 5. c3 Nc6 6. Nbd2 Na5 7. Be2 Nf6 8. 0-0 0-0 9. e4 Nc6 10. exf5 gxf5 11. Bd3 Nh5 12. Qc2 Nf4 13. Bxf5 e6 14. Bxh7+ Kh8 15. Bxd8 Raxd8 16. Ng5 Rfe8 17. g3 f5 18. gxf4 b5 19. Ndf3 b4 20. cxb4 Nxd4 21. Nxd4 e5 22. Nxf5 Rg8 23. Nh4 exf4 24. Nf7# 1-0